header

Expert legal writing (Record no. 16785)

MARC details
000 -LEADER
fixed length control field 01078nam a2200289Ia 4500
082 04 - DEWEY DECIMAL CLASSIFICATION NUMBER
Classification number 808/.06634
100 1# - MAIN ENTRY--AUTHOR NAME
Personal name LeClercq, Terri,
245 10 - TITLE STATEMENT
Title Expert legal writing
250 ## - EDITION STATEMENT
Edition statement 1st ed.
260 ## - PUBLICATION, DISTRIBUTION, ETC. (IMPRINT)
Place of publication Austin :
Name of publisher University of Texas Press,
Year of publication c1995.
300 ## - PHYSICAL DESCRIPTION
Number of Pages xii, 200p. :
Other physical details ill.
650 #0 - SUBJECT ADDED ENTRY--TOPICAL TERM
Topical Term Legal composition.
Topical Term Law
856 40 - ELECTRONIC LOCATION AND ACCESS
Uniform Resource Identifier http://site.ebrary.com/lib/rucke/Doc?id=5003152

No items available.

© 2026 Rongo University
Contact us: librarian | system librarian | Rongo university